| 000 | 00325nam a2200121Ia 4500 | ||
|---|---|---|---|
| 003 | GCL | ||
| 008 | 140319s9999 xx 000 0 eng d | ||
| 040 |
_aGCL / _cGCL |
||
| 082 | 0 | 4 |
_a639.310941 _bT F |
| 245 | 1 | 0 | _aFRESHWATER FISHERIES MANAGEMENT, 2ND ED. |
| 260 |
_a[S.N] : _bNATIONAL RIVERS AUTHORITY ، _c1995 |
||
| 300 | _a241 P | ||
| 999 |
_c20782 _d20782 |
||